000
00281nam a2200133Ia 4500
100
_a
Deprettere/F ed.
942
_c
RB
654
_a
svd
245
_a
SVD and signal processing
260
_b
North Holland
_c
1988
082
_a
621.38043
_b
DEP
300
_a
477
546
_a
ENGLISH
999
_c
22416
_d
22416